• 首页
  • 本馆介绍
  • 公告通知
  • 最新文献
  • 馆藏检索
  • 电子资源
  • 读者导购
  • 参考咨询
  • 我的图书馆
  • 登录
  • 详细信息显示
  • 放入我的书架
  • 预约/预借图书
  • 作者相关作品
  • 分类相关作品
  • 丛书相关作品
  • 出版社相关作品

书目信息

  • 表格格式
  • 工作单格式
  • 卡片格式
题名:
固体的力学和热学性质
    
 
作者: 洪晶 编辑
分册:  
出版信息: 北京   高等教育出版社  1964
页数: 70页
开本: 20cm
丛书名:
单 册:
中图分类: O34
科图分类:
主题词: 固体力学
电子资源:
ISBN:
000 00590nam0 2200217 450
001 0632497671
005 20060816081536.39
010    @dCNY0.20
100    @a20060421d1964 km y0chiy0120 ea
101 0  @achi
102    @aCN@b110000
102    @aCN@b110000
200 1  @a固体的力学和热学性质@Agu ti de li xue he re xue xing zhi@f洪晶编辑@Fhong jing bian ji
210    @a北京@c高等教育出版社@d1964
215    @a70页@d20cm
300    @a高等学校教学参考书
606 0  @a固体力学
690    @aO34@v3
701  0 @a洪晶@Ahong jing@4编辑
801  0 @aCN@bPFT@c20060816
905    @a10447@dO34@e3≈2
    
    固体的力学和热学性质/洪晶编辑.-北京:高等教育出版社,1964
    70页;20cm
    高等学校教学参考书
    
    ISBN :CNY0.20
    
●
相关链接 在E读中查询图书 在五车中查询图书 在当当中查询图书 在豆瓣中查询图书


正题名:固体的力学和热学性质     索取号:O34/3≈2         预约/预借

序号 登录号 条形码 馆藏地/架位号 状态 备注
1 0015849   202277062   密集书库/ [索取号:O34/3≈2] 在馆    
2 0431808   204318087   密集书库/ [索取号:O34/3≈2] 在馆    
3 0432389   204323892   密集书库/ [索取号:O34/3≈2] 在馆    
4 0443197   204431971   密集书库/ [索取号:O34/3≈2] 在馆    
5 0453878   204538786   密集书库/ [索取号:O34/3≈2] 在馆    
6 0453879   204538795   密集书库/ [索取号:O34/3≈2] 在馆    
7 0461777   204617771   密集书库/ [索取号:O34/3≈2] 在馆    
8 0461780   204617806   密集书库/ [索取号:O34/3≈2] 在馆    
唐山师范学院图书馆 欢迎您!
大连网信软件有限公司© 版权所有